• 首页
  • 本馆介绍
  • 公告通知
  • 最新文献
  • 馆藏检索
  • 电子资源
  • 读者导购
  • 参考咨询
  • 我的图书馆
  • 登录
  • 详细信息显示
  • 放入我的书架
  • 预约/预借图书
  • 作者相关作品
  • 分类相关作品
  • 丛书相关作品
  • 出版社相关作品

书目信息

  • 表格格式
  • 工作单格式
  • 卡片格式
题名:
作品、文学史与读者
    
 
作者: 瑙曼 著
分册:  
出版信息: 北京   文化艺术出版社  1997.03
页数: 289页
开本: 32开
丛书名: 思想者书系
单 册:
中图分类: I02
科图分类:
主题词: 文学理论--基本问题
电子资源:
ISBN: 7-5039-1563-3
000 00625nam0 2200217 45
001 0105231195
005 20031219104050.0
010    @a7-5039-1563-3@dCNY14.60
100    @a20010523d1997 km y0chiy0120 ea
101 0  @achi
105    @a z 000yy
200 1  @a作品、文学史与读者@AZuo Pin、Wen Xue Shi Yu Du Zhe@f[德]瑙曼等著@F[De]Nao Man Deng Zhu
210    @a北京@c文化艺术出版社@d1997.03
215    @a289页@d32开
225    @a思想者书系
410    @12001 @a思想者书系
606 0  @a文学理论@x基本问题
690    @aI02@v4
701    @a瑙曼@4著
801    @aCN@bTSTC@c20010523
905    @a213230@b297670-678@dI02@e207@f9
    
    作品、文学史与读者/[德]瑙曼等著.-北京:文化艺术出版社,1997.03
    289页;32开.-(思想者书系)
    
    
    ISBN 7-5039-1563-3:CNY14.60
    
●
相关链接 在E读中查询图书 在五车中查询图书 在当当中查询图书 在豆瓣中查询图书


正题名:作品、文学史与读者     索取号:I02/207         预约/预借

序号 登录号 条形码 馆藏地/架位号 状态 备注
1 0297670   202976707   第二借阅区/ [索取号:I02/207] 在馆    
2 0297671   202976716   第二借阅区/ [索取号:I02/207] 在馆    
3 0297672   202976725   第二借阅区/ [索取号:I02/207] 在馆    
4 0297673   202976734   第二借阅区/ [索取号:I02/207] 在馆    
5 0297674   202976743   第二借阅区/ [索取号:I02/207] 在馆    
6 0297675   202976752   第二借阅区/ [索取号:I02/207] 在馆    
7 0297676   202976761   第二借阅区/ [索取号:I02/207] 在馆    
8 0297677   202976770   第二借阅区/ [索取号:I02/207] 在馆    
9 0297678   202976789   第一样本阅览室/ [索取号:I02/207] 在馆    
唐山师范学院图书馆 欢迎您!
大连网信软件有限公司© 版权所有